| 000 | 01459nam0a2200325 i 4500 | ||
|---|---|---|---|
| 001 | RU\NLR\BIBL_A\011236124 | ||
| 005 | 20240921194820.0 | ||
| 010 |
_a9785821107312 _970 |
||
| 021 |
_aRU _b2016-73267 _94743 |
||
| 035 | _a(NLR Aleph) 011236124 | ||
| 090 |
_a12095929 _c12095929 |
||
| 100 | _a20161006d2016 km y0rusy50 ca | ||
| 101 | 0 |
_arus _deng |
|
| 102 | _aRU | ||
| 105 | _ay z 000zy | ||
| 200 | 1 |
_aМакроэкономическая эффективность бюджетно-налоговых решений: принципы и модели _fС. В. Граборов, А. К. Пителин |
|
| 210 |
_aМосква _cЦЭМИ РАН _d2016 |
||
| 215 |
_a42 c _d21 |
||
| 225 | 1 |
_aПрепринт _fФедерал. гос. бюджет. учреждение науки Центр. экон.-мат. ин-т РАН, Рос. акад. наук _vWP/2016/317 |
|
| 300 | _aНа с. 42 авт.: Пителин А.К. - к.э.н. | ||
| 300 | _aРез. на англ. яз | ||
| 320 | _aБиблиогр.: с. 39-41 | ||
| 606 | 1 |
_aНалоговое обложение _xМатематические методы _92266149 _3RU\NLR\AUTH\661358466 |
|
| 686 | 1 | _aУ26(2)141.3в611 | |
| 700 | 1 |
_aГраборов _bС. В. _gСергей Владимирович |
|
| 701 | 1 |
_aПителин _bА.К. _gАнатолий Константинович |
|
| 942 | _cBOOK | ||
| 980 | _aNBR | ||